Text - "Diggi-loo diggi-ley" - Herrey's - Statistics

General Stats
  • This quiz has been taken 329 times
  • The average score is 136 of 241
Answer Stats
Ord % Correct
dig
94%
93%
93%
i
92%
I
92%
jag
92%
Jag
92%
Jag,
92%
men
90%
min
90%
Diggi-
89%
diggi-
89%
Diggi
89%
diggi
89%
skor
88%
mig
86%
gyllene
85%
Gyllene
85%
loo
85%
-loo
85%
ley,
84%
-ley,
84%
alla
83%
och
83%
Och
83%
går
81%
tittar
81%
mina
78%
(Då
77%
(Du
72%
du
72%
när
72%
är
66%
(Är
66%
det
65%
Det
65%
(Det
65%
en
64%
En
64%
vi
64%
den
62%
var
59%
har
57%
dag
55%
där
53%
Där
53%
under
53%
bli
52%
nästan
52%
dunder,
50%
magiska
50%
sväva
50%
Blixtar
47%
kan
47%
sig
47%
öppnade
46%
tror
46%
himlen
45%
börjar
44%
Åh,
43%
åh
43%
ögon
43%
man
42%
Plötsligt
42%
som
42%
staden
42%
Tänk
42%
vilken
42%
esplanaden
41%
hänt
41%
värld
41%
gatan
40%
gick
40%
knappt
40%
lyckofigur)
40%
hela
38%
sina
38%
tänkte)
38%
såg
37%
(Säg
37%
världen
37%
Åt
36%
log
36%
hade
35%
tur
35%
underbar
35%
vingar
35%
Vingar
35%
omkring
34%
med
33%
blänkte)
31%
för
31%
nåt
30%
dröm
28%
Att
27%
dansade
27%
kändes
27%
vakna’
25%
måste
24%
medge
24%
glädje
23%
sång
22%
önska
21%
önskedröm
21%
allt
20%
dansman
19%
vad
19%
vaknade
19%
dojo
18%
ett
18%
skorna
17%
ville
17%
visioner,
17%
ditt
16%
behöver)
15%
diggi-ley,
15%
flyger
15%
lyckan
15%
ord)
15%
gjord
14%
över)
14%
Diggi-loo
13%
gärna
13%
mer,
13%
millioner
13%
hinder
11%
önskar
11%
förtrollade
10%
alla tittar
2%
No matching quizzes found
Score Distribution
Percent of People with Each Score
Percentile by Number Answered
Your Score History
You have not taken this quiz